00621nam a2200217Ia 4500003000900000008004100009040001300050040001300063041000800076100001900084245001600103250001200119260001600131260000900147300001100156300001000167490000600177942000700183999001700190952019600207IT-RoPAU120407s9999 xx 000 0 und d aIT-RoPAU cIT-RoPAU aita aGiovanni Costa aTito Livio. aBergamo aMorcelliana c1943 a197 p. c19 cm v1 cBK c28190d28190 00102ddc406920_41300000000000071aPAULUSbPAULUSd2012-04-11l0o920.413r2012-04-11 00:00:00w2012-04-11yBKzInserito da: Anna In data: 07 agosto 2011 fondo: Via A.Severo 56 Progr:35341